000 00588nam a2200181 i 4500
001 46459
003 ES-MaACL
005 20230906161403.0
007 t|
008 030331s1968 sp ||||1| spa d
245 0 3 _aEl árabe israelita /
_c[selección de la revista "Les Temps Modernes" ; traducción de Jordi Marfá, M. Consol Freixa y Maite Loris].
260 _aBarcelona :
_bEdima,
_c1968.
300 _a560 p., 8 lám. ;
_c21 cm.
700 1 _aMarfà, Jordi.
_976598
700 1 _aFreixa, Consol.
_952471
700 1 _aLoris, Maite.
_974225
852 _aES-MaACL
_jC-34193
_bR.64770
999 _c46459
_d46459